El Control de la inversión extranjera directa en Costa Rica /
Sugerencias para encausar jurídicamente la inversión extranjera directa en Costa Rica. Análisis regional y nacional de la inversión extranjera directa, considerando el marco legal en que esta opera en Costa Rica revisa una serie de regímenes legales centroamerianos y sudamericanos relativos a las in...
Gorde:
| Egile nagusia: | |
|---|---|
| Formatua: | Tesis |
| Argitaratua: |
San José:
Universidad de Costa Rica
|
| Gaiak: | |
| Etiketak: |
Etiketa erantsi
Etiketarik gabe, Izan zaitez lehena erregistro honi etiketa jartzen!
|
MARC
| LEADER | 00000 a a2200000 04500 | ||
|---|---|---|---|
| 001 | 19848 | ||
| 003 | |||
| 040 | |||
| 090 | |a 08040.00 | ||
| 100 | |a Coto Molina, Walter | ||
| 245 | |a El Control de la inversión extranjera directa en Costa Rica / |c Walter Coto Molina | ||
| 260 | |a San José: |b Universidad de Costa Rica | ||
| 300 | |a 303 páginas | ||
| 502 | |a Tesis (Licencido en Derecho) -- Universidad de Costa Rica | ||
| 520 | |a Sugerencias para encausar jurídicamente la inversión extranjera directa en Costa Rica. Análisis regional y nacional de la inversión extranjera directa, considerando el marco legal en que esta opera en Costa Rica revisa una serie de regímenes legales centroamerianos y sudamericanos relativos a las inversiones directas, incluye proposiciones específicas para legislar en esta materia./ACM | ||
| 650 | |a COSTA RICA | ||
| 650 | |a AMERICA CENTRAL | ||
| 650 | |a INVERSIONES EXTRANJERAS | ||
| 650 | |a LEGISLACION | ||
| 999 | |c 18025 |d 18025 | ||
